АэроМастер* 13-14: научно-популярный альманах о легкомоторной авиации, катерах, яхтах и моторах

Bibliographische Detailangaben
Zusammenfassung:АэроМастер * 13—14 — научно-популярный альманах для любителей легкомоторной авиации, катеров, яхт, моторов и всего непознанного. Есть публицистика и общественно-политические материалы. Наш альманах — это 400 страниц полезной информации от опытных профессионалов и самоде-лыциков. Читайте, конструируйте, стройте, летайте и ходите в плавания!
Sprache:Russisch
Veröffentlicht: Новосибирск, Авиационная корпорация, 2009
Schlagworte:
Format: MixedMaterials Buch
KOHA link:https://koha.lib.tpu.ru/cgi-bin/koha/opac-detail.pl?biblionumber=168367

MARC

LEADER 00000nam0a2200000 4500
001 168367
005 20231101222744.0
010 |a 571370100X 
035 |a (RuTPU)RU\TPU\book\182679 
090 |a 168367 
100 |a 20091028d2009 km y0rusy50 ca 
101 0 |a rus 
102 |a RU 
105 |a a z 000zy 
200 1 |a АэроМастер* 13-14  |e научно-популярный альманах о легкомоторной авиации, катерах, яхтах и моторах 
210 |a Новосибирск  |c Авиационная корпорация  |d 2009 
215 |a 400 с.  |c ил. 
330 |a АэроМастер * 13—14 — научно-популярный альманах для любителей легкомоторной авиации, катеров, яхт, моторов и всего непознанного. Есть публицистика и общественно-политические материалы. Наш альманах — это 400 страниц полезной информации от опытных профессионалов и самоде-лыциков. Читайте, конструируйте, стройте, летайте и ходите в плавания! 
606 1 |a Авиастроение  |2 stltpush  |3 (RuTPU)RU\TPU\subj\106  |9 29139 
610 1 |a авиация 
610 1 |a воздухоплавание 
610 1 |a летательные аппараты 
610 1 |a двигатели 
610 1 |a аэродинамические профили 
610 1 |a геометрические характеристики 
610 1 |a теорема Ферма 
610 1 |a астероиды 
610 1 |a Солнечная система 
610 1 |a планеты 
610 1 |a динамическое прохождение 
610 1 |a публицистика 
675 |a 629.73.002  |v 3 
801 1 |a RU  |b 63413507  |c 20091028 
801 2 |a RU  |b 63413507  |c 20211021  |g RCR 
942 |c BK